Právo /

Hlavní autor: Trykar, Miroslav
Korporativní autor: Ostravská univerzita. Centrum dalšího vzdělávání
Jazyk: Čeština
Vydáno: Ostrava : Ostravská univerzita v Ostravě, 2012
Vydání: 1. vyd.
Témata:
Fyzický popis: 83 s. ; 30 cm
Knihy
Uloženo v:
LEADER 02033nam a2200517 a 4500
001 nkc20122348425
003 CZ PrNK
005 20130308074029.0
007 ta
008 120320s2012 xr e p 000 0 cze
015 |a cnb002348425 
020 |a 978-80-7464-119-0  |q (brož.) :  |c neprodejné 
035 |a (OCoLC)827259111 
040 |a BOA001  |b cze  |d ABA001 
043 |a e-xr--- 
072 7 |a 37.09  |x Organizace výuky a vzdělávání  |2 Konspekt  |9 22 
072 7 |a 37.016  |x Učební osnovy. Vyučovací předměty. Učebnice  |2 Konspekt  |9 22 
080 |a 37.091.12-057.177.3  |2 MRF 
080 |a 37.091:005.25  |2 MRF 
080 |a 34  |2 MRF 
080 |a (437.3)  |2 MRF 
080 |a (075.8)  |2 MRF 
100 1 |a Trykar, Miroslav  |7 mzk2013741846  |4 aut 
245 1 0 |a Právo /  |c Miroslav Trykar 
250 |a 1. vyd. 
260 |a Ostrava :  |b Ostravská univerzita v Ostravě,  |c 2012 
300 |a 83 s. ;  |c 30 cm 
500 |a Nad názvem: Ostravská univerzita v Ostravě, Pedagogická fakulta, Centrum dalšího vzdělávání 
500 |a Na obálce pod názvem: Zvyšování manažerských dovedností vedoucích pracovníků ZŠ a SŠ v Moravskoslezském kraji 
500 |a 80 výt. 
504 |a Obsahuje bibliografie 
521 8 |a Studijní materiál pro distanční kurz Právo 
650 0 7 |a ředitelé škol  |7 ph459481  |z Česko  |2 czenas 
650 0 7 |a management školy  |7 ph118550  |z Česko  |2 czenas 
650 0 7 |a management školy  |7 ph118550  |x právní aspekty  |2 czenas 
650 0 9 |a school principals  |z Czechia  |2 eczenas 
650 0 9 |a school management  |z Czechia  |2 eczenas 
650 0 9 |a school management  |x legal aspects  |2 eczenas 
655 7 |a učebnice vysokých škol  |7 fd133772  |2 czenas 
655 9 |a textbooks (higher)  |2 eczenas 
710 2 |a Ostravská univerzita.  |b Centrum dalšího vzdělávání  |7 kn20020415011 
910 2 |a BOA001  |b 4-1298.371 
990 |a BK 
995 |a 01 
991 |b 201301  |c NOV  |e n 
996 6 |b 2610534782  |c 4-1298.371  |l MZK  |r Sklad / do 1 hodiny  |n 0  |p p.v.  |w 001308480  |u 000010  |a 1  |e BOA001  |j MZK50  |s P